Online katalóg knižníc regiónu Turca

Cítim ťa v srdci (Record no. 22233)

MARC details
000 -LEADER
fixed length control field 01462cam a2200421 a 4500
001 - CONTROL NUMBER
control field 22233
003 - CONTROL NUMBER IDENTIFIER
control field VRT
005 - DATE AND TIME OF LATEST TRANSACTION
control field 20260323141852.0
008 - FIXED-LENGTH DATA ELEMENTS--GENERAL INFORMATION
fixed length control field 240606s1994 xo g 0000f slo
015 ## - NATIONAL BIBLIOGRAPHY NUMBER
National bibliography number SNBA1994/07
020 ## - INTERNATIONAL STANDARD BOOK NUMBER
International Standard Book Number 8021800496
035 ## - SYSTEM CONTROL NUMBER
System control number SNK000018411
039 #9 - LEVEL OF BIBLIOGRAPHIC CONTROL AND CODING DETAIL [OBSOLETE]
Level of rules in bibliographic description 202408121428
Level of effort used to assign nonsubject heading access points AUTHORITY
Level of effort used to assign subject headings 202406131425
Level of effort used to assign classification msnk123
Level of effort used to assign subject headings 202406061420
Level of effort used to assign classification VLOAD
Level of effort used to assign subject headings 202403181724
Level of effort used to assign classification VLOAD
040 ## - CATALOGING SOURCE
Original cataloging agency SNK
Language of cataloging slo
Transcribing agency SNK
Description conventions AACR2
041 1# - LANGUAGE CODE
Language code of text/sound track or separate title slo
Language code of original swe
044 ## - COUNTRY OF PUBLISHING/PRODUCING ENTITY CODE
MARC country code xo
ISO country code SK
072 #7 - SUBJECT CATEGORY CODE
Subject category code 821.11
Subject category code subdivision Germánske literatúry
Source konspekt
080 ## - UNIVERSAL DECIMAL CLASSIFICATION NUMBER
Universal Decimal Classification number 839.7-3
Edition identifier 1981
080 ## - UNIVERSAL DECIMAL CLASSIFICATION NUMBER
Universal Decimal Classification number 821-311.1
Edition identifier 2011
080 ## - UNIVERSAL DECIMAL CLASSIFICATION NUMBER
Universal Decimal Classification number 821.113.6-31
Edition identifier 2011
100 1# - MAIN ENTRY--PERSONAL NAME
Personal name Scherer, Maria,
Dates associated with a name 1943-
Relationship aut
240 10 - UNIFORM TITLE
Uniform title Mitt i hjärtat
Language of a work Slovensky
245 10 - TITLE STATEMENT
Title Cítim ťa v srdci
Statement of responsibility, etc. Mária Scherer ; prel. Mária Bratová ; obál. Martin Klimo, Bruno Musil
250 ## - EDITION STATEMENT
Edition statement 1. vyd.
260 ## - PUBLICATION, DISTRIBUTION, ETC.
Place of publication, distribution, etc. Bratislava
Name of publisher, distributor, etc. Danubiapress
Date of publication, distribution, etc. 1994
Place of manufacture Bratislava
Manufacturer Danubiaprint
300 ## - PHYSICAL DESCRIPTION
Extent 182 s.
Dimensions 20 cm
655 #7 - INDEX TERM--GENRE/FORM
Genre/form data or focus term psychologické romány
Source of term SNKPH
655 #7 - INDEX TERM--GENRE/FORM
Genre/form data or focus term švédske romány
Source of term SNKPH
700 1# - ADDED ENTRY--PERSONAL NAME
Personal name Bratová, Mária,
Dates associated with a name 1958-
Relationship trl
700 1# - ADDED ENTRY--PERSONAL NAME
Personal name Klimo, Martin,
Dates associated with a name 1954-
Relationship bjk
700 1# - ADDED ENTRY--PERSONAL NAME
Personal name Musil, Bruno
Relationship bjk
942 ## - ADDED ENTRY ELEMENTS (KOHA)
Source of classification or shelving scheme Dewey Decimal Classification
Koha item type Krásna literatúra pre dospelých
Suppress in OPAC No
949 ## - LOCAL PROCESSING INFORMATION (OCLC)
6 17A0254901
9 P60, <05>, [BOOK], {605}
a snkSC 86121 D1
949 ## - LOCAL PROCESSING INFORMATION (OCLC)
6 270001000031536
a svkbbA 87493
b svkbbm 588816
p 588.816
949 ## - LOCAL PROCESSING INFORMATION (OCLC)
6 273K0200337
a svkpoA 164316
b svkpo406307
o PV 544/95
Holdings
Stav vyradenia Strata Poškodenie Spôsob nadobudnutia Domovská knižnica Aktuálna knižnica Dátum nadobudnutia Total checkouts Čiarový kód exemplára Date last seen Typ exemplára
      Dar Obecná knižnica Turčianska Štiavnička Obecná knižnica Turčianska Štiavnička 23.03.2026   4738000699 23.03.2026 Krásna literatúra pre dospelých
Projekt je podporený Slovenskou asociáciou knižníc
Prevádzkuje Turčianska knižnica Martin 2026